Hirective video resume app with interactive and targeted hiring platform (Record no. 12801)

000 -LEADER
fixed length control field 00392nam a22001217a 4500
082 ## - DEWEY DECIMAL CLASSIFICATION NUMBER
Classification number BIT-10 ASI
100 ## - MAIN ENTRY--PERSONAL NAME
Personal name Asim Mushtaq
9 (RLIN) 93225
245 ## - TITLE STATEMENT
Title Hirective video resume app with interactive and targeted hiring platform
260 ## - PUBLICATION, DISTRIBUTION, ETC.
Place of publication, distribution, etc. Islambad
Name of publisher, distributor, etc. NUST SEECS
Date of publication, distribution, etc. 2013
500 ## - GENERAL NOTE
General note Supervisor:Dr. Khawar Khursheed
856 ## - ELECTRONIC LOCATION AND ACCESS
Uniform Resource Identifier <a href="http://10.250.8.41:8080/xmlui/handle/123456789/10532">http://10.250.8.41:8080/xmlui/handle/123456789/10532</a>
942 ## - ADDED ENTRY ELEMENTS (KOHA)
Koha item type Project Report
Source of classification or shelving scheme
Holdings
Withdrawn status Lost status Source of classification or shelving scheme Damaged status Not for loan Permanent Location Current Location Shelving location Date acquired Total Checkouts Full call number Barcode Date last seen Date last checked out Price effective from Koha item type
WITHDRAWN         Central Library (CL) Central Library (CL) General Stacks 03/11/2014 1 BIT-10 ASI SEECSP01392 12/15/2014 12/15/2014 03/11/2014 Project Report
© 2023 Central Library, National University of Sciences and Technology. All Rights Reserved.